LEADER 01052nam a2200253 4500 001 000000360088 003 CaOOAMICUS 005 20241002140717.0 008 241002s2006 gw 000 u ger r 020 $a3-16-148024-4 040 $aSeMil$bita 100 1 $aHerms, Eilert,$d<1940- >.$0(OLS)http://semarc/name/115177 245 10$aMenschsein im Werden :$bStudien zu Schleiermacher /$cEilert Herms. 250 $aUnveränderte Studienausg. 264 1$aTübingen :$bMohr Siebeck,$c2006. 300 $aVIII, 502 p. ;$c23 cm 600 14$aSchleiermacher, Friedrick Daniel Ernst.$0(OLS)http://semarc/subject/930 850 $aSeMil 852 $aSeMil$W1$xVenegono$y1$m2P V 680$j251223$B251121$CSeMilBibl$Z2$F251121 $81 961 $aBuzzi mons. Franco - Omaggio 996 $6020$a3-16-148024-4$9(OLS)http://semarc/number/301390 996 $6245$aMenschsein im Werden :$bStudien zu Schleiermacher$9(OLS)http://semarc/title/450535 996 $6264$aTübingen :$bMohr Siebeck$9(OLS)http://semarc/publisher/30329 LEADER 01056nam a2200265 i 4500 001 000000222363 003 CaOOAMICUS 005 20130912000000.0 008 130912s1998 it u000 u ita u 013 $a201260 020 $a88-04-42894-5 040 $aSeMil$bita 100 1 $aDufour, Francesco.$0(OLS)http://semarc/name/77682 245 13$aLe strade cristiane per Roma /$cFrancesco Dufour. 260 $aMilano :$bMondadori,$ccopyr. 1998. 300 $a239 p. :$bill. ;$c22 cm. 500 $aContiene : Bibliografia. 650 4$aEuropa - Pellegrinaggi - Via Francigena.$0(OLS)http://semarc/subject/40764 650 4$aRoma - Pellegrinaggi - Itinerari.$0(OLS)http://semarc/subject/8665 850 $aSeMil 852 $aSeMil$W1$xVenegono$y1$m4Y III 219$j172709$B172709$CSeMilBibl$Z2$F183079 $81 961 $aOmaggio: Altro 996 $6020$a88-04-42894-5$9(OLS)http://semarc/number/221911 996 $6245$aLe strade cristiane per Roma$9(OLS)http://semarc/title/318696 996 $6260$aMilano :$bMondadori$9(OLS)http://semarc/publisher/30335